000 00496nam a2200193 a 4500
001 23783
003 CO-ViMGA
008 141112s2004 ck r 000 u spa d
020 _a9706414827
040 _aCO-ViMGA
_bspa
_cCO-ViMGA
082 0 4 _aPEYl
100 1 _aPeyron, Gabriela
_934411
245 1 0 _aLadron de sonrisas /
_cGabriela Peyron
260 _aMéxico :
_beditorial progreso S.A
300 _a52p.
490 _aRehilete
650 1 4 _aCUENTOS INFANTILES MEXICANOS
942 _2ddc
_cBK
999 _c31866
_d31866